Obchod v regiónoch Slovenska

Dnešné dôsledky malej privatizácie v roku 1992 na potravinársky obchod. Základné demografické údaje, počet registrovaných právnických a fyzických osôb, výška maloobchodného predaja do roku 1997, kúpna sila a najväčšie obchodné systémy v Bratislavskom a Trnavskom kraji.

Gespeichert in:
Bibliographische Detailangaben
1. Verfasser: Drahovská, Oľga
Format: Buchkapitel
Sprache:Slowakisch
Schlagworte:
Tags: Tag hinzufügen
Keine Tags, Fügen Sie das erste Tag hinzu!

MARC

LEADER 00000naa a2200000 4500
001 r033293
005 20230626065606.6
041 0 |a slo 
044 |a SK 
245 1 0 |a Obchod v regiónoch Slovenska  |c Oľga Drahovská 
520 |a Dnešné dôsledky malej privatizácie v roku 1992 na potravinársky obchod. Základné demografické údaje, počet registrovaných právnických a fyzických osôb, výška maloobchodného predaja do roku 1997, kúpna sila a najväčšie obchodné systémy v Bratislavskom a Trnavskom kraji. 
610 2 0 |a obchod 
610 2 0 |a regióny 
610 2 0 |a Slovensko 
610 2 0 |a Bratislavský kraj 
610 2 0 |a Trnavský kraj 
610 2 0 |a podnikatelia 
610 2 0 |a maloobchod 
610 2 0 |a trh potravinový 
610 2 0 |a siete obchodné 
100 1 |a Drahovská, Oľga